Evaluación de la fragmentación, caracterización del estado de la biodiversidad y propuesta de investigación en biodiversidad y valoración e instrumentos de política para la conservación y uso sostenible de la biodiversidad en los páramos de Mamapacha y Bijagual, Boyacá - Colombia (Registro nro. 6180)

Detalles MARC
000 -CABECERA
Campo de control 01806nam a2200217 a 4500
090 ## - CLASIFICACIÓN LOCAL
Colección IAVH
Consecutivo 00680
041 ## - IDIOMA
Código de idioma para texto/pista de sonido o título separado Español
110 ## - ASIENTO PRINCIPAL--NOMBRE CORPORATIVO
Unidad subordinad Corporación Autónoma Regional de Chivor, CORPOCHIVOR
245 ## - MENCION DE TITULO
Título Evaluación de la fragmentación, caracterización del estado de la biodiversidad y propuesta de investigación en biodiversidad y valoración e instrumentos de política para la conservación y uso sostenible de la biodiversidad en los páramos de Mamapacha y Bijagual, Boyacá - Colombia
Parte restante del título informe final
260 ## - PUBLICACION, DISTRIBUCION, ETC. (PIE DE IMPRENTA)
Lugar de publicación, distribución, etc. Bogotá
Nombre del editor, distribuidor, etc. CORPOCHIVOR
-- Instituto Alexander von Humboldt
Fecha de publicación, distribución, etc. 2002
300 ## - DESCRIPCION FISICA
Extensión 107 p.
520 ## - NOTA DE RESUMEN, ETC.
Nota de resumen En el primer capítulo se establece el marco teórico en el que se basan los diferentes objetivos y actividades que se llevaron a cabo. En el segundo, se hace el análisis sobre el estado del conocimiento de la biodiversidad y se recoge la información secundaria existente sobre la biodiversidad para la región. El capítulo 3 contiene la información relacionada con la caracterización de la biodiversidad a nivel ecositémico en Mamapacha y Bijagual, y en el cuarto, con base en la información secundaria se hace la caracterización socioeconómica y se desarrolla el tema de valoración de la biodiversidad. Por último, en el capítulo 5 se desarrolla el Programa de Investigación en Valoración y Conservación de la Biodiversidad en Mamapacha y Bijagual, meta del convenio.
650 ## - ASIENTO SECUNDARIO DE MATERIA - TERMINO TEMATICO
Término temático o nombre geográfico como elemento de entrada Conservación
650 ## - ASIENTO SECUNDARIO DE MATERIA - TERMINO TEMATICO
Término temático o nombre geográfico como elemento de entrada Biodiversidad
650 ## - ASIENTO SECUNDARIO DE MATERIA - TERMINO TEMATICO
Término temático o nombre geográfico como elemento de entrada Caracterización de la biodiversidad
650 ## - ASIENTO SECUNDARIO DE MATERIA - TERMINO TEMATICO
Término temático o nombre geográfico como elemento de entrada Caracterización socioeconómica
650 ## - ASIENTO SECUNDARIO DE MATERIA - TERMINO TEMATICO
Término temático o nombre geográfico como elemento de entrada Valoración de la biodiversidad
650 ## - ASIENTO SECUNDARIO DE MATERIA - TERMINO TEMATICO
Término temático o nombre geográfico como elemento de entrada Programas de Investigación
662 ## - ASIENTO SECUNDARIO DE MATERIA - JERARQUIA DEL NOMBRE DE LUGAR(
País o entidad mayor Colombia
Jurisdicción política intermedia Páramo de Mamapacha
Jurisdicción política de primer orden Boyacá
662 ## - ASIENTO SECUNDARIO DE MATERIA - JERARQUIA DEL NOMBRE DE LUGAR(
País o entidad mayor Colombia
Jurisdicción política intermedia Páramo de Bijagual
Jurisdicción política de primer orden Boyacá

No hay ítems disponibles.